000 01248pam a2200349 a 4500
001 655344
003 OSt
005 20140310182720.0
008 941221r1926nyua 000 0 eng
010 _a 94048878
020 _a0330262203
040 _aDLC
_cDLC
_dDLC
050 0 0 _aPS 3513
_b.G447 1995
082 0 0 _aM 811.5
_bG35 1980
100 1 _aGibran, Kahlil,
_d1883-1931.
245 1 4 _athe prophet
_cGibran, Kahlil
250 _a1st Pocket ed.
260 _aGreat Britain :
_bPan Books,
_c1926
300 _a67 p. :
_bill. ;
_c15 cm.
440 0 _aKahlil Gibran pocket library
521 _aHigh School to College Student
526 _c0L to 1700L
541 _j1
562 _efor circulation. 1 copy available in the collection
650 0 _aProse poems, American.
650 0 _aMysticism
_xPoetry.
856 4 2 _3Contributor biographical information
_uhttp://www.loc.gov/catdir/bios/random057/94048878.html
856 4 2 _3Publisher description
_uhttp://www.loc.gov/catdir/description/random049/94048878.html
906 _a7
_bcbc
_corignew
_d1
_eocip
_f19
_gy-gencatlg
942 _2lcc
_cBK
_kM
999 _c15327
_d15327